Ανακαλύπτοντας τον τροχό ΙΙ : σε αναζήτηση της νέας πολιτικής;
Saved in:
| Main Author: | |
|---|---|
| Other Authors: | |
| Format: | Book |
| Language: | Greek |
| Published: |
Αθήνα :
Χρήστος Ε. Δαρδάνος,
2004
|
| Subjects: | |
| Tags: |
Add Tag
No Tags, Be the first to tag this record!
|
MARC
| LEADER | 00000cam a2200000 i 4500 | ||
|---|---|---|---|
| 001 | 1/31713 | ||
| 008 | 060629s2004 gre d | ||
| 020 | |a 960-380-151-8 | ||
| 035 | |l 10084481 | ||
| 040 | |a GR-MY-UA |b gre |e aacr | ||
| 041 | 0 | |a gre | |
| 082 | 0 | |a 303.48 |2 (22) | |
| 100 | 1 | |a Ζαΐρης, Αντώνιος Γ. | |
| 245 | 1 | 0 | |a Ανακαλύπτοντας τον τροχό ΙΙ : |b σε αναζήτηση της νέας πολιτικής; / |c Αντώνη Ζαΐρη ; Γιώργου Σταμάτη |
| 260 | |a Αθήνα : |b Χρήστος Ε. Δαρδάνος, |c 2004 | ||
| 300 | |a 331 σ.; |c 21 εκ. | ||
| 650 | 0 | 0 | |a Globalization |x Political aspects. |
| 650 | 0 | 0 | |a Political science. |
| 650 | 0 | 0 | |a International relations. |
| 700 | 1 | |a Σταμάτης, Γιώργος. | |
| 852 | |a INST |b RHODES |c KRI |e 20060629 |h 303.48 ZAΪ |p 005400024773 |q 005400024773 |t BK |y 0 | ||
| 901 | |a BIBL4-2006-2 | ||
| 909 | |a Ρ |b 126557 | ||
| 970 | |a ΚΟΖΑ |b ΜΑΡΙΑ |z 2006/06/29 | ||